| 000 -LEADER |
| fixed length control field |
00251nam a22001217a 4500 |
| 040 ## - CATALOGING SOURCE |
| Transcribing agency |
SK |
| 082 ## - DEWEY DECIMAL CLASSIFICATION NUMBER |
| Classification number |
636 |
| 100 ## - MAIN ENTRY--AUTHOR NAME |
| Personal name |
DUK CHHENG |
| 245 ## - TITLE STATEMENT |
| Title |
ផលិតកម្មសាច់គោ |
| 260 ## - PUBLICATION, DISTRIBUTION, ETC. (IMPRINT) |
| Place of publication |
RUA |
| Name of publisher |
DUK |
| Year of publication |
2015 |
| 300 ## - PHYSICAL DESCRIPTION |
| Number of Pages |
95p. |
| 942 ## - ADDED ENTRY ELEMENTS (KOHA) |
| Koha item type |
សៀវភៅភាសាខ្មែរ |
| 952 ## - LOCATION AND ITEM INFORMATION (KOHA) |
| Withdrawn status [LOCAL, KOHA] |
0 |
| 952 ## - LOCATION AND ITEM INFORMATION (KOHA) |
| Withdrawn status [LOCAL, KOHA] |
0 |
| 952 ## - LOCATION AND ITEM INFORMATION (KOHA) |
| Withdrawn status [LOCAL, KOHA] |
0 |
| 952 ## - LOCATION AND ITEM INFORMATION (KOHA) |
| Withdrawn status [LOCAL, KOHA] |
0 |
| 952 ## - LOCATION AND ITEM INFORMATION (KOHA) |
| Withdrawn status [LOCAL, KOHA] |
0 |